| 000 | 01753cam a22004934i 4500 | ||
|---|---|---|---|
| 003 | PE-LiUPU | ||
| 005 | 20250731165540.0 | ||
| 008 | 150625s r 000 0 d | ||
| 020 | _a8430310126 | ||
| 035 | _a(Sirsi) i9788430310128 | ||
| 040 |
_aPE-LiUPU _bspa _cPE-LiUPU _erda |
||
| 049 | _aPRUA | ||
| 082 | 0 | 4 |
_a473 _bB57 _221 |
| 100 | 1 |
_aBlanquez Fraile, Agustín, _eautor. |
|
| 245 | 1 | 0 |
_aDiccionario manual latino-español y español-latino / _cAgustín Blanquez Fraile. |
| 264 | 1 |
_aBarcelona : _bEditorial Ramón Sopena, _c1984. |
|
| 300 |
_a671 páginas ; _c22 centímetros |
||
| 336 |
_atext _2rdacontent |
||
| 337 |
_aunmediated _2rdamedia |
||
| 338 |
_avolume _2rdacarrier |
||
| 505 | 0 | _aPrincipales autores latinos. Principales abreviaturas usadas en este diccionario. Mapas. Grabados. | |
| 526 | _aSEG44 | ||
| 526 | _aSEG26 | ||
| 526 | _aP151 | ||
| 526 | _aP150 | ||
| 526 | _aP149 | ||
| 526 | _aP146 | ||
| 526 | _aP145 | ||
| 526 | _aP126 | ||
| 526 | _aP125 | ||
| 526 | _aP92 | ||
| 526 | _aP75 | ||
| 526 | _aP74 | ||
| 526 | _aP27 | ||
| 526 | _aP15 | ||
| 650 | 0 | 4 |
_aEspañol _vDiccionarios _xLatín. |
| 650 | 0 | 4 |
_aLatin _vDiccionarios _xEspañol. |
| 942 |
_2ddc _cBOOK |
||
| 949 |
_aRC 473 B57 _wDEWEY _c1 _i23545 _d2015-11-24 _lCCODEBUL1 _mBUL _q3 _r0 _sY _tBOOK _u2015-6-25 _xEDUCACION _zUNKNOWN _0COMPRA _o.CIRCNOTE. No olvidar cambiar la fecha de devolución!!!!!!! _o.STAFF. Colección General |
||
| 994 |
_aC0 _bPEPRU |
||
| 596 | _a1 | ||
| 999 |
_aRC 473 B57 _wDEWEY _c40705 _i23545 _d40705 _f2021-11-8 _g5 _lRCG _mBUL _q3 _r1 _sY _tBOOK _u2015-6-25 _xBIBLIOTECA _zUNKNOWN _0COMPRA _o.CIRCNOTE. No olvidar cambiar la fecha de devolución!!!!!!! _o.STAFF. Colección General |
||
| 980 |
_81 _gALBERTO SANCHEZ Responsable de Automatización |
||